Sports Quiz

Random Sports or NFL Quiz
Score 0/9 Timer 20:00
0 Plays Today
% Correct
$14.7 million
60%
$19 million
60%
$0.55 million
55.6%
$1.95 million
46.7%
$9 million
44.4%
$6.76 million
42.2%
$4.02 million
37.8%
$9.75 million
35.6%
$2.4 million
33.3%
Come Together.
Have Fun.
All Virtual.
We all need to come together. Play Sporcle's virtual live trivia to have fun, connect with people, and get your trivia on. Join a live hosted trivia game for your favorite pub trivia experience done virtually. If a virtual private party is more your thing, go here for details.

You're not logged in!

Compare scores with friends on all Sporcle quizzes.
OR
Log In

Sporcle TV

Today on Sporcle TV


Watch our educational content, quiz creation guides, and fun videos on Sporcle TV.

Show Comments

Extras

Created Feb 26, 2020ReportNominate
Tags:NFL Quiz

Top Quizzes Today


Score Distribution

Paid Content

Your Account Isn't Verified!

In order to create a playlist on Sporcle, you need to verify the email address you used during registration. Go to your Sporcle Settings to finish the process.

Report this User

Report this user for behavior that violates our Community Guidelines.

Details: